| 000 | 02285nam a2200313Ia 4500 | ||
|---|---|---|---|
| 999 |
_c52565 _d52565 |
||
| 001 | 19589 | ||
| 003 | GE_BSU | ||
| 005 | 20250311172947.0 | ||
| 008 | 181216s2016||||ge |||||||||||||| ||geo|| | ||
| 040 | _cGE_BSU | ||
| 041 | _ageo | ||
| 080 | _a27-36 წ-71 | ||
| 245 |
_aიმერეთის მეფე სოლომონ I ; წმინდა მეფე სოლომონ II ; გაენათელი მიტროპოლიტი ეფთვიმე ; ქუთათელი მიტროპოლიტი დოსითეოზი / _cშემდგენელი კახაბერ კენკიშვილი ; გარეკანის დიზაინი რატი თორდია |
||
| 264 |
_aთბილისი : _bპალიტრა L, _c2016. |
||
| 300 |
_a185 გვ. ; _c20 სმ. |
||
| 490 |
_aსაქართველოს იმედი II : ყველა წმინდანი, რომელთა შესახებაც უნდა იცოდე, 2298-0547 / პროექტის რედაქტორი თამარ მამაცაშვილი ; _vწიგნი 55 |
||
| 500 | _aიბეჭდება სრ. საქართველოს კათოლიკოს-პატრიარქის, უწმინდესისა და უნეტარესის ილია II-ის ლოცვა-კურთხევით | ||
| 504 | _aბიბლიოგრ. : გვ. 183-184 | ||
| 541 | _h2 ლ. | ||
| 653 | _aიმერეთის მეფე სოლომონ I | ||
| 653 | _aწმინდა მეფე სოლომონ II | ||
| 653 | _aგაენათელი მიტროპოლიტი ეფთვიმე | ||
| 653 | _aქუთათელი მიტროპოლიტი დოსითეოზი | ||
| 653 | _aრელიგია | ||
| 700 |
_aკენკიშვილი, კახაბერ _eშემდგენელი _924521 |
||
| 700 |
_aმამაცაშვილი, თამარ _eპროექტის რედაქტორი _924522 |
||
| 700 |
_aთორდია, რატი _eდიზაინერი _917902 |
||
| 942 |
_cBK _2udc |
||